Statistics for The Reign of Queen Elizabeth II

Click here to take the quiz!

General Stats

  • This quiz has been taken 30,777 times
  • The average score is 14 of 20

Answer Stats

YearClueAnswer% Correct
2015Queen Elizabeth overtakes this queen to have the
longest reign of any British monarch
Queen Victoria
95%
1997This territory is returned to ChinaHong Kong
91%
1981This woman becomes Princess of WalesDiana Spencer
90%
1979This Conservative becomes Britain's first female Prime MinisterMargaret Thatcher
89%
1956The UK, France, and Israel invade Egypt to regain control of this canalSuez Canal
84%
2013This future king is born to Prince WilliamPrince George
80%
1966England hosts and wins this sporting eventWorld Cup
80%
1996British beef is banned from the EU because of this diseaseMad Cow
78%
1955This Prime Minister ends his second termWinston Churchill
78%
1982The United Kingdom goes to war with this countryArgentina
77%
1994This tunnel opens, connecting England and FranceChannel Tunnel
72%
1969This faster-than-sound passenger jet makes its first flightConcorde
68%
1984This terrorist group bombs the Grand Hotel in BrightonIRA
68%
1970The Forties Oil Field is discovered in this seaNorth Sea
66%
1985This concert is held at Wembley stadium to raise funds for the Ethiopian famineLive Aid
56%
1953Watson and Crick discover the shape of this moleculeDNA
55%
1988Pan-Am 103 is bombed and disintegrates over this Scottish townLockerbie
48%
1989This network is invented by Tim Berners-LeeWorld Wide Web
44%
1952–1960This country experiences the Mau Mau rebellion against British ruleKenya
43%
1954This man becomes the first to run a mile in less than 4 minutesRoger Bannister
32%

Score Distribution

Percentile by Number Answered

Percent of People with Each Score

Your Score History

You have not taken this quiz